000 00494nam a2200157Ia 4500
999 _c6100
_d6100
003 OSt
005 20200128095639.0
008 190216s9999||||xx |||||||||||||| ||und||
040 _coclc
082 _a658.3
_bRAO/O
100 _aRao, M Gangadhar
_91521
245 0 _aOrganisational Behaviour Text And Cases /
_cM Gangadhar Rao ; V S P Rao ; P S Narayana
260 _bKonark Pub Pvt,
_c2000.
_aNew Delhi:
300 _a567p
942 _cBK
_2ddc
_h658.3
_iRAO/O
_k658.3
_mRAO/O